Szczegóły MARC21

Szczecin wczesnośredniowieczny : Nadodrzańskie centrum /

003 -Nazwa inst., której nr kontr. jest w polu 001 [,]
    • @
    • Nazwa instytucji, której n kontrolny jest w polu 001
    • NUKAT
005 -DATA I CZAS OSTATNIEJ MODYFIKACJI [,]
    • @
    • pole kontrolne
    • 20241231112955.0
020 -Międzynarod. znormalizowany nr książki - ISBN [ , ]
    • a
    • Numer ISBN
    • 9788374362719 Find
040 -Instytucja sporządzająca opis [ , ]
    • a
    • Instytucja, która sporządziła opis (NP)
    • WA U/76MMK
    • c
    • Instytucja, która sporządziła rekord (NP)
    • WA U/MMK
    • d
    • Instytucja, która zmodyfikowała rekord (P)
    • WA U/76DP
041 -Język dokumentu [0, ]
    • a
    • Język tekstu (P)
    • polski
    • b
    • Język streszczeń lub abstraktu (P)
    • angielski
942 -Rodzaj dokumentu [ , ]
    • c
    • Rodzaj dokumentu
    • Książka
100 -Hasło główne - nazwa osobowa [1, ]
    • a
    • Nazwa osobowa (NP)
    • Kowalska, Anna Bogumiła.
    • 9
    • KHW
    • 42763
245 -Strefa tytułu i oznaczenia odpowiedzialności [1,0]
    • a
    • Tytuł
    • Szczecin wczesnośredniowieczny : Find
    • b
    • Ciąg dalszy tytułu (NP)
    • Nadodrzańskie centrum / Find
    • c
    • Pozostałe elementy strefy tytułu i oznaczenia odpowiedzialności (NP)
    • Anna B. Kowalska, Marek Dworaczyk ; z udziałem Ryszarda K. Borówki i Bolesława Wolnego.
260 -Strefa adresu wydawniczego [ , ]
    • a
    • Miejsce wydania (P)
    • Warszawa :
    • b
    • Nazwa wydawcy (P)
    • Fundacja na Rzecz Nauki Polskiej [etc.],
    • c
    • Data wydania (P)
    • 2011.
300 -Strefa opisu fizycznego [ , ]
    • a
    • Określenie formy książki i/lub objętość (NP)
    • 593 s. :
    • b
    • Oznaczenie ilustracji (NP)
    • il. ;
    • c
    • Format (NP)
    • 30 cm.
336 -Typ zawartości [ , ]
    • a
    • Termin opisujący typ zawartości
    • Tekst
    • b
    • Kod określający zawartość
    • txt
    • 2
    • Źródło (terminu i kodu)
    • rdacontent
337 -Typ mediów [ , ]
    • a
    • Tryb odtwarzania
    • Bez urządzenia pośredniczącego
    • b
    • Kod typu mediów
    • n
    • 2
    • Źródło (terminu i kodu)
    • rdamedia
338 -Typ/rodzaj nośnika [ , ]
    • a
    • Hasło opisujące typ nośnika
    • Wolumin
    • b
    • Kod typu nośnika
    • nc
    • 2
    • Źródło (terminu i kodu)
    • rdacarrier
490 -Strefa serii i książki wielotomowej - forma nie do wyszukiwania [1, ]
    • a
    • Tytuł (P)
    • Origines Polonorum ; Find
    • v
    • Numeracja (P)
    • t. 5
830 -Hasło dodatkowe serii i opisu książki wielotomowej - tytuł ujednolicony/tytuł [ ,0]
    • a
    • Tytuł ujednolicony/tytuł (NP)
    • Origines Polonorum
    • v
    • Oznaczenie tomu (NP)
    • t. 5
    • 9
    • KHW
    • 42765
504 -Uwaga dot. bibliogr. załącznikowej [ , ]
    • a
    • Uwaga dot. bibliografii załącznikowej
    • Bibliogr. s. 372-394. Indeks.
546 -Uwaga dot. języka [ , ]
    • a
    • Uwaga dot. języka
    • Streszcz. w jęz. ang.
080 -Uniwersalna Klasyfikacja Dziesiętna [ , ]
    • 2
    • Identyfikator wydania tablic
    • UDC-P058
    • 9
    • UKD
    • 6790
    • a
    • Symbol klasyfikacji
    • 911.37
    • b
    • Dopowiedzenie
    • Osadnictwo. Geografia osadnictwa.
    • 4
    • UKD2
    • 8219
    • x
    • Poddział wspólny
    • "04/14"
    • c
    • Dopowiedzenie poddz. wspólnego
    • Średniowiecze.
080 -Uniwersalna Klasyfikacja Dziesiętna [ , ]
    • 2
    • Identyfikator wydania tablic
    • UDC-P058
    • 9
    • UKD
    • 6792
    • a
    • Symbol klasyfikacji
    • 911.375
    • b
    • Dopowiedzenie
    • Miasta. Geografia miast. Urbanizacja.
080 -Uniwersalna Klasyfikacja Dziesiętna [ , ]
    • 2
    • Identyfikator wydania tablic
    • UDC-P058
    • 9
    • UKD
    • 6768
    • a
    • Symbol klasyfikacji
    • 903.4
    • b
    • Dopowiedzenie
    • Osadnictwo. Grody.
080 -Uniwersalna Klasyfikacja Dziesiętna [ , ]
    • 2
    • Identyfikator wydania tablic
    • UDC-P058
    • 9
    • UKD
    • 6758
    • a
    • Symbol klasyfikacji
    • 903/904
    • b
    • Dopowiedzenie
    • Prehistoria. Materialne relikty (wykopaliska i znaleziska) czasów przedhistorycznych. Materialne relikty czasów historycznych (starożytności, średniowiecza, dziejów nowożytnych). Pozostałości kulturowe czasów historycznych.
080 -Uniwersalna Klasyfikacja Dziesiętna [ , ]
    • 2
    • Identyfikator wydania tablic
    • UDC-P058
    • 9
    • UKD
    • 6764
    • a
    • Symbol klasyfikacji
    • 903/904(3/9)
    • b
    • Dopowiedzenie
    • Relikty, wykopaliska archeologiczne poszczególnych krajów, państw.
080 -Uniwersalna Klasyfikacja Dziesiętna [ , ]
    • 2
    • Identyfikator wydania tablic
    • UDC-P058
    • 9
    • UKD
    • 7008
    • a
    • Symbol klasyfikacji
    • 94(438)::008
    • b
    • Dopowiedzenie
    • Historia kultury polskiej.
080 -Uniwersalna Klasyfikacja Dziesiętna [ , ]
    • 2
    • Identyfikator wydania tablic
    • UDC-P058
    • 9
    • UKD
    • 8093
    • a
    • Symbol klasyfikacji
    • 94(430)::008
    • b
    • Dopowiedzenie
    • Historia kultury niemieckiej.
080 -Uniwersalna Klasyfikacja Dziesiętna [ , ]
    • 2
    • Identyfikator wydania tablic
    • UDC-P058
    • 9
    • UKD
    • 7007
    • a
    • Symbol klasyfikacji
    • 94(438)A/Z
    • b
    • Dopowiedzenie
    • Historia Polski. Historia regionów i miejscowości.
650 -Hasło przedmiotowe [ ,7]
    • a
    • Hasło przedmiotowe
    • Zabytki średniowieczne
    • z
    • Określnik geograficzny
    • Polska
    • z
    • Określnik geograficzny
    • Szczecin.
    • 2
    • Źródło terminu
    • kaba
    • 9
    • KHW
    • 366499
650 -Hasło przedmiotowe [ ,7]
    • a
    • Hasło przedmiotowe
    • Wykopaliska archeologiczne
    • z
    • Określnik geograficzny
    • Polska
    • z
    • Określnik geograficzny
    • Szczecin.
    • 2
    • Źródło terminu
    • kaba
    • 9
    • KHW
    • 366498
651 -Hasło przedmiotowe w formie nazwy geograficznej [ ,7]
    • a
    • Nazwa geograficzna
    • Szczecin (Polska)
    • y
    • Określnik chronologiczny
    • średniowiecze.
    • 2
    • Źródło terminu
    • kaba
    • 9
    • KHW
    • 366500
980 -Symbol UKD [ , ]
    • a
    • UKD
    • 911.37"04/14":911.375:903.4:903/904(3/9):94(438)(430)::008:94(438) Szczecin
700 -Hasło dodatkowe - nazwa osobowa [1, ]
    • a
    • Nazwa osobowa (NP)
    • Dworaczyk, Marek Find
    • c
    • Dopowiedzenie inne niż daty biograficzne (NP)
    • (archeolog).
    • 9
    • KHW
    • 42764
700 -Hasło dodatkowe - nazwa osobowa [1, ]
    • a
    • Nazwa osobowa (NP)
    • Borówka, Ryszard Krzysztof Find
    • d
    • Daty biograficzne (NP)
    • (1949- ).
    • e
    • Określenie rodzaju współpracy
    • Oprac.
    • 9
    • KHW
    • 19492
700 -Hasło dodatkowe - nazwa osobowa [1, ]
    • a
    • Nazwa osobowa (NP)
    • Wolny, Bolesław Find
    • d
    • Daty biograficzne (NP)
    • (1935-2019).
    • e
    • Określenie rodzaju współpracy
    • Oprac.
    • 9
    • KHW
    • 42762
710 -Hasło dodatkowe - nazwa ciała zbiorowego [2, ]
    • a
    • Nazwa ciała zbiorowego lub nazwa geograficzna jako pierwszy element (NP)
    • Wydawnictwo Trio.
    • 4
    • Kod relacji
    • pbl
    • 9
    • KHW
    • 59896
920 -ISBN [ , ]
    • a
    • ISBN
    • 978-83-7436-271-9 Find
Sygnatura Status udost. Numer inwentarzowy Lokalizacja Data inwentaryzacji
 1Z.115988BG2012-04-27
T.14664-2T.14664T2014-02-13